[Event "GER-ch 87th"]
[Site "Luebeck"]
[Date "2016.10.23"]
[Round "3"]
[White "Gasthofer, Alexander"]
[Black "Schulz, Karsten"]
[Result "1/2-1/2"]
[WhiteElo "2437"]
[BlackElo "2283"]
[EventDate "2016.10.21"]
[PlyCount "103"]

1. b3 d5 2. Bb2 Bf5 3. d3 e6 4. Nd2 Nf6 5. g3 Be7 6. Bg2 h6 7. e4 Bh7 8. Ngf3 O-O 9. Qe2 c5 10. Ne5 Nbd7 11. Nxd7 Qxd7 12. O-O Rac8 13. Rad1 b5 14. c4 bxc4 15. bxc4 dxe4 16. Nxe4 Nxe4 17. Bxe4 Bxe4 18. dxe4 Qc7 19. Qg4 g6 20. Qf3 Rfd8 21. h4 h5 22. g4 hxg4 23. Qxg4 Rxd1 24. Rxd1 Rd8 25. Rxd8+ Qxd8 26. Qf4 Bxh4 27. Qe5 Qg5+ 28. Qxg5 Bxg5 29. e5 Kg7 30. Kg2 f5 31. exf6+ Bxf6 32. Bc1 Bd4 33. Bg5 e5 34. Kf3 e4+ 35. Kxe4 Bxf2 36. Kd5 Kf7 37. a4 a5 38. Bd8 Be1 39. Kxc5 Ke8 40. Bg5 Kd7 41. Kb6 Kc8 42. Bf4 Bb4 43. Bg5 Kb8 44. Kc6 Kc8 45. Kd5 Kb7 46. Be3 Kc7 47. Bg5 Kb7 48. Bf4 Ba3 49. Bd2 Bb4 50. Bg5 Kc7 51. c5 Bxc5 52. Kxc5 1/2-1/2

[Event "GER-ch 87th"]
[Site "Luebeck"]
[Date "2016.10.23"]
[Round "3"]
[White "Kabisch, Thilo"]
[Black "Schwarz, Frank"]
[Result "1/2-1/2"]
[WhiteElo "2309"]
[BlackElo "2251"]
[EventDate "2016.10.21"]
[PlyCount "93"]

1. e4 e6 2. d4 d5 3. Nd2 Nf6 4. e5 Nfd7 5. Bd3 c5 6. c3 Nc6 7. Ne2 cxd4 8. cxd4 f6 9. exf6 Qxf6 10. Nf3 h6 11. O-O Bd6 12. Ng3 O-O 13. Nh5 Qf7 14. Nh4 Nf6 15. Bg6 Qc7 16. g3 Bd7 17. Re1 Ne7 18. Nf4 Nxg6 19. Nhxg6 Rfe8 20. Be3 Bb5 21. Bd2 Qf7 22. h4 Ne4 23. h5 Qf5 24. Rc1 a5 25. a3 a4 26. Bb4 Bxb4 27. axb4 Qf6 28. Rc7 a3 29. bxa3 Rxa3 30. Rxb7 Bd3 31. Ne5 Ba6 32. Rb6 Nxg3 33. fxg3 Rxg3+ 34. Ng2 Rf8 35. Qd2 Bf1 36. Rxe6 Qf5 37. Rg6 Rh3 38. Ng4 Qxh5 39. Nf6+ Rxf6 40. Rxf6 gxf6 41. Rxf1 Rh1+ 42. Kf2 Qf5+ 43. Qf4 Qc2+ 44. Kg3 Qg6+ 45. Kf2 Qc2+ 46. Kg3 Qg6+ 47. Kf2 1/2-1/2

[Event "GER-ch 87th"]
[Site "Luebeck"]
[Date "2016.10.23"]
[Round "3"]
[White "Kalinitschew, Sergey"]
[Black "Svane, Rasmus"]
[Result "1/2-1/2"]
[WhiteElo "2405"]
[BlackElo "2552"]
[EventDate "2016.10.21"]
[PlyCount "62"]

1. e4 c6 2. d4 d5 3. e5 Bf5 4. h4 h5 5. Bd3 Bxd3 6. Qxd3 Qa5+ 7. Nd2 e6 8. Ne2 Qa6 9. c4 Nd7 10. O-O Nh6 11. b3 Nf5 12. g3 Be7 13. Qf3 O-O-O 14. cxd5 cxd5 15. Nb1 Kb8 16. Nbc3 g6 17. Bf4 Ka8 18. a4 Rc8 19. Nb5 Qb6 20. Qd3 a6 21. Na3 Bxa3 22. Rxa3 Rc6 23. Ra2 Rhc8 24. Rb1 Kb8 25. Kg2 R6c7 26. Rbb2 Ka8 27. Bd2 Rc6 28. Ra1 Qc7 29. Raa2 Qb6 30. Ra1 Qc7 31. Raa2 Qb6 1/2-1/2

[Event "GER-ch 87th"]
[Site "Luebeck"]
[Date "2016.10.23"]
[Round "3"]
[White "Kololli, Martin"]
[Black "Jugelt, Tobias"]
[Result "1/2-1/2"]
[WhiteElo "2202"]
[BlackElo "2418"]
[EventDate "2016.10.21"]
[PlyCount "135"]

1. e4 c6 2. d4 d5 3. exd5 cxd5 4. c4 Nf6 5. Nc3 Nc6 6. Nf3 e6 7. cxd5 Nxd5 8. Bd3 Be7 9. O-O a6 10. Re1 Ncb4 11. Bb1 Nxc3 12. bxc3 Nd5 13. Qd3 b5 14. Ne5 Qc7 15. Bd2 Bb7 16. a4 f6 17. Nf3 Qc6 18. axb5 axb5 19. Rxa8+ Bxa8 20. Qe4 Kf7 21. Bd3 g6 22. h4 Rg8 23. h5 Nc7 24. Qf4 g5 25. Qg4 h6 26. Bg6+ Kg7 27. Be4 Qd6 28. Nh4 Bd5 29. Bxd5 Qxd5 30. Nf5+ Kf8 31. Qg3 Qc6 32. Nxh6 Rh8 33. Ng4 Rxh5 34. f4 Qd6 35. Qf3 Qd5 36. Qxd5 Nxd5 37. fxg5 f5 38. Nf6 Bxf6 39. gxf6 Kf7 40. Rb1 Kxf6 41. Rxb5 Rh4 42. Ra5 Re4 43. Kf2 Kf7 44. Kf3 Rh4 45. Ra7+ Kg6 46. Rd7 Re4 47. g3 Rg4 48. Rb7 Re4 49. Rb5 Kf7 50. Rc5 Kg6 51. Ra5 Kf7 52. Ra7+ Kg6 53. Ra1 Kf7 54. Re1 Rg4 55. Re2 Rg8 56. c4 Nf6 57. Bf4 Ra8 58. c5 Nd5 59. Be5 Ra3+ 60. Kf2 Nb4 61. Re3 Ra2+ 62. Kf3 Nc6 63. Rb3 Nxe5+ 64. dxe5 Rc2 65. Rb7+ Kg6 66. Rc7 Kg5 67. Rg7+ Kh6 68. Rc7 1/2-1/2

[Event "GER-ch 87th"]
[Site "Luebeck"]
[Date "2016.10.23"]
[Round "3"]
[White "Kummerow, Heiko"]
[Black "Liepold, Stefan"]
[Result "1-0"]
[WhiteElo "2266"]
[BlackElo "2188"]
[EventDate "2016.10.21"]
[PlyCount "145"]

1. e4 c5 2. Nf3 d6 3. d4 Nf6 4. Nc3 cxd4 5. Nxd4 Nc6 6. Bg5 e6 7. Qd2 a6 8. O-O-O Nxd4 9. Qxd4 Be7 10. f4 b5 11. Bxf6 gxf6 12. e5 d5 13. Be2 Rb8 14. Bh5 Qb6 15. Qd3 b4 16. Ne2 O-O 17. Rhf1 Kh8 18. Rf3 a5 19. Rh3 Ba6 20. Qg3 fxe5 21. fxe5 Rg8 22. Qf3 Bxe2 23. Qxe2 f5 24. exf6 Bxf6 25. Bf7 Rg7 26. Qxe6 d4 27. Qxb6 Rxb6 28. Bd5 Rd6 29. Bf3 Bg5+ 30. Kb1 Be3 31. Rh5 Rg5 32. Rxg5 Bxg5 33. Rd3 Kg7 34. a3 Be3 35. axb4 axb4 36. Ka2 Kf6 37. Kb3 Rb6 38. Rd1 h6 39. Ra1 Bf4 40. g3 Be3 41. Ra4 Bc1 42. Ra1 Be3 43. Kc4 Rb8 44. Ra6+ Ke7 45. Kb3 Bc1 46. Be4 Be3 47. Rc6 Rb5 48. Bd3 Rh5 49. h4 Bf2 50. Rg6 Be1 51. Kc4 Bd2 52. Kxd4 Bc1 53. Kc4 Bxb2 54. Kxb4 Bc1 55. Kc4 Ra5 56. Kd4 Bb2+ 57. Ke4 Re5+ 58. Kf3 Re6 59. Rg8 Rf6+ 60. Kg4 Rf8 61. Rxf8 Kxf8 62. Kf5 Kg7 63. g4 Bc3 64. g5 Be1 65. Kg4 Bc3 66. Be4 Bb4 67. c4 Bc5 68. Bd3 Bf2 69. g6 Bc5 70. Kf5 Be7 71. h5 Bb4 72. Ke6 Kf8 73. Bc2 1-0

[Event "GER-ch 87th"]
[Site "Luebeck"]
[Date "2016.10.23"]
[Round "3"]
[White "Langheinrich, Ferenc"]
[Black "Gress, Alexander"]
[Result "1-0"]
[WhiteElo "2371"]
[BlackElo "2177"]
[EventDate "2016.10.21"]
[PlyCount "69"]

1. e4 c5 2. b3 d6 3. Bb2 Nc6 4. Bb5 Bd7 5. f4 Nf6 6. Nc3 g6 7. Bxc6 Bxc6 8. Qe2 Bg7 9. O-O-O O-O 10. Nf3 Qd7 11. d4 cxd4 12. Nxd4 Rac8 13. e5 Nh5 14. Rhf1 Qc7 15. e6 f5 16. g4 fxg4 17. Qxg4 Nf6 18. Qe2 Nd5 19. Nxd5 Bxd5 20. Kb1 Qc5 21. f5 Kh8 22. Rg1 Rxf5 23. Nxf5 Bxb2 24. Nxe7 Bf3 25. Qd3 Bxd1 26. Nxc8 Qxg1 27. Kxb2 Qe1 28. e7 Kg7 29. Nxd6 Qxe7 30. Qxd1 Qe5+ 31. Kb1 Qxh2 32. Qd4+ Kg8 33. Qd5+ Kg7 34. Qxb7+ Kh6 35. Qd5 1-0

[Event "GER-ch 87th"]
[Site "Luebeck"]
[Date "2016.10.23"]
[Round "3"]
[White "Malek, Daniel"]
[Black "Metz, Hartmut"]
[Result "1/2-1/2"]
[WhiteElo "2411"]
[BlackElo "2284"]
[EventDate "2016.10.21"]
[PlyCount "149"]

1. c4 c6 2. Nf3 d5 3. e3 Nf6 4. Nc3 Bg4 5. Qb3 Qb6 6. Ne5 Be6 7. d4 g6 8. Bd2 Bg7 9. Qa3 Qd8 10. cxd5 Nxd5 11. Nd3 O-O 12. Be2 Nd7 13. O-O Nxc3 14. Bxc3 Nb6 15. Nc5 Bc8 16. Qb3 Qd5 17. Qc2 Qd6 18. b3 Nd5 19. Bb2 b6 20. Ne4 Qd7 21. Rac1 Bb7 22. Rfd1 Rac8 23. Bf3 Nb4 24. Qb1 Rfd8 25. a3 Nd5 26. b4 Ra8 27. Nd2 Rdc8 28. Qa2 a5 29. bxa5 Rxa5 30. Nc4 Ra6 31. Qb3 Qd8 32. g3 e6 33. a4 Bf8 34. e4 Nf6 35. Bc3 Nd7 36. Bg2 Rca8 37. Ra1 Qc7 38. h4 b5 39. axb5 cxb5 40. Qxb5 Bc6 41. Qb3 Ba4 42. Rxa4 Rxa4 43. Bf1 R4a7 44. Qb2 Ra2 45. Qb1 R2a4 46. Qb3 R4a7 47. Qb2 Ra2 48. Qb1 Qb8 49. Qd3 Qb3 50. d5 e5 51. Nxe5 Nxe5 52. Bxe5 Qxd3 53. Rxd3 Re8 54. f4 Ra3 55. Kf2 Bc5+ 56. Kf3 Rea8 57. Bf6 Kf8 58. e5 Be7 59. Bxe7+ Kxe7 60. d6+ Kd7 61. g4 f6 62. Rxa3 Rxa3+ 63. Ke4 fxe5 64. fxe5 Ra4+ 65. Kd5 Ra5+ 66. Kd4 Ra4+ 67. Kc5 Ra5+ 68. Bb5+ Ke6 69. Kb6 Ra1 70. Kc7 Kxe5 71. d7 Rd1 72. h5 gxh5 73. gxh5 Kf6 74. d8=Q+ Rxd8 75. Kxd8 1/2-1/2

[Event "GER-ch 87th"]
[Site "Luebeck"]
[Date "2016.10.23"]
[Round "3"]
[White "Messarius, Juergen"]
[Black "Goergens, Michael"]
[Result "1/2-1/2"]
[WhiteElo "2198"]
[BlackElo "2080"]
[EventDate "2016.10.21"]
[PlyCount "120"]

1. e4 e5 2. Nf3 Nc6 3. d4 exd4 4. Nxd4 Nxd4 5. Qxd4 Qf6 6. Qc4 c6 7. Nc3 b5 8. Qe2 a5 9. e5 Qe6 10. Bf4 Ne7 11. Ne4 Ng6 12. Bg3 Be7 13. Nd6+ Bxd6 14. exd6 O-O 15. Qxe6 fxe6 16. O-O-O b4 17. h4 Nf4 18. h5 Ba6 19. Bxa6 Rxa6 20. Rde1 Nd5 21. Rh4 a4 22. Kd2 Rfa8 23. Be5 Rf8 24. f3 Ra5 25. Ree4 Rb5 26. a3 c5 27. Rhg4 Rf7 28. h6 g6 29. c4 bxc3+ 30. Bxc3 Nb6 31. Rgf4 c4 32. g4 Rd5+ 33. Kc2 Rxf4 34. Rxf4 g5 35. Re4 Rxd6 36. Bf6 Rd3 37. Bd8 Nd5 38. Rxc4 Rxf3 39. Rxa4 Rf2+ 40. Kb3 Rf3+ 41. Ka2 Rf4 42. Ra7 Nf6 43. b4 Nxg4 44. Rxd7 Nxh6 45. Bxg5 Rf2+ 46. Rd2 Rxd2+ 47. Bxd2 Nf5 48. Bf4 Kf7 49. Kb3 Ke7 50. b5 Kd7 51. a4 Kc8 52. Kc4 Ne7 53. Kc5 Nd5 54. Be5 Kb7 55. a5 h5 56. a6+ Ka8 57. Kd6 Nb4 58. Kxe6 Nxa6 59. Kd7 Kb7 60. bxa6+ Kxa6 1/2-1/2

[Event "GER-ch 87th"]
[Site "Luebeck"]
[Date "2016.10.23"]
[Round "3"]
[White "Moeller, Hendrik"]
[Black "Fuchs, Florian"]
[Result "1/2-1/2"]
[WhiteElo "2286"]
[BlackElo "2290"]
[EventDate "2016.10.21"]
[PlyCount "81"]

1. c4 g6 2. g3 Bg7 3. Bg2 d6 4. Nc3 Nf6 5. d3 O-O 6. e4 c5 7. Nge2 Nc6 8. O-O Ne8 9. Be3 Nd4 10. Rb1 a5 11. Qd2 Nc7 12. Bh6 e5 13. Bxg7 Kxg7 14. f4 f6 15. Nxd4 cxd4 16. Nd5 Nxd5 17. cxd5 Bd7 18. Rf2 b6 19. Rbf1 Qe7 20. h4 Rac8 21. Kh2 h6 22. fxe5 fxe5 23. Bh3 Rxf2+ 24. Qxf2 Bxh3 25. Kxh3 h5 26. Kg2 Rf8 27. Qxf8+ Qxf8 28. Rxf8 Kxf8 29. Kf3 Ke7 30. Ke2 Kd7 31. Kd1 b5 32. Kc2 Kc7 33. b4 Kb6 34. Kb3 a4+ 35. Kb2 Kc7 36. a3 Kd7 37. Kc2 Ke7 38. Kd1 Kf6 39. Ke2 Kg7 40. Kf3 Kh6 41. Kg2 1/2-1/2

[Event "GER-ch 87th"]
[Site "Luebeck"]
[Date "2016.10.23"]
[Round "3"]
[White "Mueer, Sebastian"]
[Black "Tonndorf, Matthias"]
[Result "0-1"]
[WhiteElo "2289"]
[BlackElo "2223"]
[EventDate "2016.10.21"]
[PlyCount "120"]

1. c4 b6 2. Nf3 Bb7 3. g3 Bxf3 4. exf3 c5 5. d4 cxd4 6. Qxd4 Nc6 7. Qd1 g6 8. Bg2 Nh6 9. Bd2 Bg7 10. Bc3 Nf5 11. Bxg7 Nxg7 12. Nc3 O-O 13. f4 Rc8 14. O-O a6 15. Rc1 Ne6 16. Qd2 Ncd4 17. Ne2 Nxe2+ 18. Qxe2 a5 19. Rfd1 Nc5 20. h4 d6 21. f5 gxf5 22. Qd2 Ne6 23. Bd5 Ng7 24. h5 e6 25. h6 Ne8 26. Bf3 Qf6 27. b4 e5 28. Bd5 f4 29. Kg2 Qxh6 30. bxa5 bxa5 31. Qxa5 fxg3 32. Rh1 Qg6 33. Rc3 Kh8 34. Rxg3 Qf5 35. Qa3 Nf6 36. Qxd6 Rfd8 37. Qe7 Rd7 38. Qb4 Nh5 39. Rxh5 Qxh5 40. Bf3 Qf5 41. c5 Rd4 42. Qc3 Rg8 43. Bb7 Rd3 44. Qe1 Qf4 45. Rxg8+ Kxg8 46. Qe4 Qxe4+ 47. Bxe4 Rc3 48. c6 Kf8 49. Bxh7 Rxc6 50. Be4 Ra6 51. Bd5 f5 52. Kg3 Ke7 53. f4 Rd6 54. Bb7 Rd3+ 55. Kh4 exf4 56. a4 Kf6 57. Bc6 Ke5 58. Bb7 Ra3 59. Bc6 Kd4 60. Kg5 f3 0-1

[Event "GER-ch 87th"]
[Site "Luebeck"]
[Date "2016.10.23"]
[Round "3"]
[White "Schellmann, Frank"]
[Black "Schroeder, Christoph"]
[Result "1/2-1/2"]
[WhiteElo "2074"]
[BlackElo "2193"]
[EventDate "2016.10.21"]
[PlyCount "103"]

1. e4 c5 2. Nf3 d6 3. Bb5+ Nd7 4. d4 cxd4 5. Qxd4 a6 6. Bxd7+ Bxd7 7. c4 e5 8. Qd3 h6 9. Nc3 Nf6 10. O-O Qc7 11. b3 Rc8 12. Bb2 Be7 13. Rfd1 O-O 14. Nd2 Rfd8 15. Nf1 b5 16. Ne3 Qb7 17. cxb5 Bxb5 18. Nxb5 axb5 19. f3 Rd7 20. a3 g6 21. Rac1 Rxc1 22. Bxc1 Rc7 23. Bb2 h5 24. Rc1 Rxc1+ 25. Bxc1 Qc6 26. Qc2 Qxc2 27. Nxc2 d5 28. exd5 Nxd5 29. Kf1 f5 30. Ke2 Kf7 31. Kd3 Ke6 32. a4 bxa4 33. bxa4 Kd7 34. Ne3 Nxe3 35. Bxe3 Kc6 36. Kc4 Bd8 37. Bc5 Ba5 38. Bb4 Bc7 39. h3 Bb6 40. g4 hxg4 41. hxg4 e4 42. fxe4 fxg4 43. Be1 Bc7 44. a5 g3 45. a6 g2 46. Bf2 Bh2 47. a7 Kb7 48. e5 Bxe5 49. Kd5 Bh2 50. Ke6 g1=Q 51. Bxg1 Bxg1 52. Kf6 1/2-1/2

[Event "GER-ch 87th"]
[Site "Luebeck"]
[Date "2016.10.23"]
[Round "3"]
[White "Schoen, Ralf"]
[Black "Rehberg, Raphael"]
[Result "0-1"]
[WhiteElo "2146"]
[BlackElo "2232"]
[EventDate "2016.10.21"]
[PlyCount "92"]

1. c4 Nf6 2. g3 e6 3. Bg2 d5 4. d4 Be7 5. Nc3 O-O 6. cxd5 exd5 7. Nf3 c6 8. O-O Bf5 9. Nh4 Bd7 10. Nf3 Qc8 11. Bf4 Bh3 12. Rc1 Bxg2 13. Kxg2 Nbd7 14. Ne5 Qd8 15. Qd3 Nxe5 16. Bxe5 Nd7 17. Bf4 Re8 18. Rfd1 Nb6 19. b3 Bb4 20. Rc2 Re6 21. Na4 Nxa4 22. bxa4 Qe7 23. Rb1 b6 24. Qb3 Ba5 25. Be3 Rd8 26. Rd1 h6 27. a3 Qe8 28. Qd3 Re4 29. Rdc1 Re6 30. Rd1 c5 31. dxc5 d4 32. Bxd4 bxc5 33. Rxc5 Bb6 34. Rc4 Rxe2 35. a5 Bxa5 36. Kf1 Re6 37. Qf3 Qb5 38. Qd3 Red6 39. a4 Qa6 40. Kg2 Qb7+ 41. Qf3 Qd7 42. Bxg7 Kxg7 43. Rg4+ Kf8 44. Rc1 Rd4 45. Rxd4 Qxd4 46. Rc6 Kg7 0-1

[Event "GER-ch 87th"]
[Site "Luebeck"]
[Date "2016.10.24"]
[Round "4"]
[White "Fuchs, Florian"]
[Black "Bente, Bjoern"]
[Result "1-0"]
[WhiteElo "2290"]
[BlackElo "2239"]
[EventDate "2016.10.21"]
[PlyCount "109"]

1. e4 d6 2. d4 Nf6 3. Nc3 g6 4. f4 Bg7 5. Nf3 c5 6. dxc5 Qa5 7. Bd3 Qxc5 8. Qe2 Nc6 9. Nb5 O-O 10. Be3 Qb4+ 11. c3 Qa5 12. O-O Bg4 13. h3 Bxf3 14. Qxf3 a6 15. Nd4 Nxd4 16. cxd4 Rac8 17. Rf2 Nd7 18. e5 Rc7 19. h4 Nb6 20. h5 Nc4 21. Bxc4 Rxc4 22. Qxb7 e6 23. hxg6 hxg6 24. Qe4 Qd5 25. Qxd5 exd5 26. Rc1 Rxc1+ 27. Bxc1 Rc8 28. Be3 dxe5 29. dxe5 f6 30. exf6 Bxf6 31. Rd2 d4 32. Bxd4 Rd8 33. Be3 Rxd2 34. Bxd2 Bxb2 35. Kf2 Kf7 36. Ke3 Ke6 37. Ke4 Bf6 38. g4 Bb2 39. Be3 Bc3 40. Bc5 Bb2 41. Bd4 Bc1 42. Be5 Ba3 43. f5+ gxf5+ 44. gxf5+ Kd7 45. Kd5 Be7 46. a4 Ba3 47. f6 Bb4 48. Bd4 Ba3 49. Bc5 Bb2 50. f7 Bg7 51. Ba3 Bh6 52. Ke5 Bg7+ 53. Kf5 Bh6 54. Kg6 Ke6 55. Bc5 1-0

[Event "GER-ch 87th"]
[Site "Luebeck"]
[Date "2016.10.24"]
[Round "4"]
[White "Goergens, Michael"]
[Black "Schellmann, Frank"]
[Result "1-0"]
[WhiteElo "2080"]
[BlackElo "2074"]
[EventDate "2016.10.21"]
[PlyCount "115"]

1. e4 e5 2. Nf3 Nc6 3. c3 Nf6 4. d4 Nxe4 5. d5 Ne7 6. Nxe5 Ng6 7. Qe2 Nxe5 8. Qxe4 Qe7 9. Be3 Ng6 10. Qa4 Qe5 11. Qd4 Bd6 12. Nd2 O-O 13. O-O-O Qxd4 14. Bxd4 b6 15. g3 Bb7 16. Bg2 Rfe8 17. Rhe1 Be5 18. Be3 f5 19. f4 Bf6 20. Bh1 Ne7 21. Nc4 d6 22. Na3 Ba6 23. c4 Ng6 24. b3 Re7 25. Bf2 Rae8 26. Kd2 Nf8 27. Nc2 Rxe1 28. Rxe1 Rxe1 29. Kxe1 Nd7 30. Bd4 Kf7 31. Kd2 Nc5 32. Kc3 Bc8 33. Bxf6 Kxf6 34. Nd4 Bd7 35. Bf3 a5 36. a3 h6 37. b4 axb4+ 38. axb4 Nb7 39. Bd1 Nd8 40. Kb3 c5 41. bxc5 bxc5 42. Nb5 Nb7 43. Kc3 Ke7 44. Kd3 Be8 45. Nc7 Bd7 46. Bh5 Na5 47. Kc3 Nb7 48. h3 Kd8 49. Nb5 Ke7 50. Na7 Nd8 51. Kb3 Kf6 52. Ka3 Ke7 53. Bd1 Be8 54. Nc8+ Kd7 55. Ba4+ Kxc8 56. Bxe8 Nb7 57. Ka4 Kc7 58. Kb5 1-0

[Event "GER-ch 87th"]
[Site "Luebeck"]
[Date "2016.10.24"]
[Round "4"]
[White "Gress, Alexander"]
[Black "Schoen, Ralf"]
[Result "1-0"]
[WhiteElo "2177"]
[BlackElo "2146"]
[EventDate "2016.10.21"]
[PlyCount "45"]

1. e4 e6 2. d4 d5 3. Nc3 Nf6 4. Bg5 Be7 5. e5 Nfd7 6. h4 a6 7. Qg4 h5 8. Qg3 g6 9. Nf3 Nc6 10. O-O-O Nf8 11. Bd3 b6 12. Qf4 Nb4 13. Be2 Bb7 14. g4 hxg4 15. Nh2 Bxg5 16. hxg5 Nd7 17. Nxg4 Rf8 18. a3 Nc6 19. Rh7 Ne7 20. Nh6 Nf5 21. Nxf5 exf5 22. Bf3 c6 23. e6 1-0

[Event "GER-ch 87th"]
[Site "Luebeck"]
[Date "2016.10.24"]
[Round "4"]
[White "Hirneise, Jens"]
[Black "Mueer, Sebastian"]
[Result "0-1"]
[WhiteElo "2324"]
[BlackElo "2289"]
[EventDate "2016.10.21"]
[PlyCount "60"]

1. e4 c5 2. Nf3 d6 3. d4 cxd4 4. Nxd4 Nf6 5. Nc3 g6 6. Be3 Bg7 7. f3 O-O 8. Bc4 Nc6 9. Qd2 Bd7 10. O-O-O Rc8 11. Bb3 Ne5 12. Kb1 a6 13. h4 h5 14. Bg5 Rc5 15. Rhe1 b5 16. f4 Nc4 17. Bxc4 Rxc4 18. Bxf6 Bxf6 19. Qf2 Bg4 20. Rd2 e6 21. g3 b4 22. Nd1 Qc7 23. Nb3 a5 24. Ne3 Rxe4 25. Nxg4 Rxe1+ 26. Qxe1 hxg4 27. Qd1 a4 28. Nc1 a3 29. Nd3 axb2 30. Qh1 Qa5 0-1

[Event "GER-ch 87th"]
[Site "Luebeck"]
[Date "2016.10.24"]
[Round "4"]
[White "Jugelt, Tobias"]
[Black "Gasthofer, Alexander"]
[Result "1/2-1/2"]
[WhiteElo "2418"]
[BlackElo "2437"]
[EventDate "2016.10.21"]
[PlyCount "81"]

1. d4 d5 2. c4 c6 3. Nf3 Nf6 4. e3 e6 5. Nc3 Nbd7 6. Qc2 Bd6 7. h3 O-O 8. Bd2 dxc4 9. Bxc4 e5 10. O-O h6 11. Bb3 Re8 12. Nh4 Nb6 13. Nf5 Bxf5 14. Qxf5 exd4 15. exd4 Nbd5 16. Rfe1 Rxe1+ 17. Rxe1 Qc8 18. Qf3 Qd7 19. g4 Bc7 20. Kg2 Bb6 21. Nxd5 Nxd5 22. Bxd5 Qxd5 23. Qxd5 cxd5 24. Bc3 Kf8 25. Bb4+ Kg8 26. Bc5 Bxc5 27. dxc5 Rc8 28. Rc1 Kf8 29. Kf3 Ke7 30. Ke3 Kd7 31. Kd4 Re8 32. Kxd5 Re2 33. b4 Rxa2 34. b5 Rd2+ 35. Kc4 Rxf2 36. Ra1 Rc2+ 37. Kd5 Rd2+ 38. Kc4 Rc2+ 39. Kd5 Rd2+ 40. Kc4 Rc2+ 41. Kd5 1/2-1/2

[Event "GER-ch 87th"]
[Site "Luebeck"]
[Date "2016.10.24"]
[Round "4"]
[White "Liepold, Stefan"]
[Black "Messarius, Juergen"]
[Result "1/2-1/2"]
[WhiteElo "2188"]
[BlackElo "2198"]
[EventDate "2016.10.21"]
[PlyCount "80"]

1. e4 e6 2. d4 d5 3. Nc3 Bb4 4. e5 c5 5. dxc5 d4 6. a3 Ba5 7. b4 dxc3 8. bxa5 Qxa5 9. Be3 Ne7 10. Bd3 Nd5 11. Qe2 Nd7 12. Nf3 Nxe3 13. Qxe3 Qxc5 14. Qg5 g6 15. O-O b6 16. Be4 Rb8 17. Rfd1 Bb7 18. Bxb7 Rxb7 19. Rd3 O-O 20. Rad1 f6 21. exf6 Qxg5 22. Nxg5 Nxf6 23. Rxc3 Re8 24. Rc6 Rbe7 25. g3 Ng4 26. Re1 e5 27. h3 Nh6 28. Ne4 Rd8 29. g4 Nf7 30. Kg2 Kg7 31. c4 Rd3 32. Re3 Rd4 33. g5 Nd8 34. Rc8 Ne6 35. h4 Rd8 36. Rxd8 Nxd8 37. c5 Ne6 38. cxb6 axb6 39. Rb3 Nf4+ 40. Kg3 Re6 1/2-1/2

[Event "GER-ch 87th"]
[Site "Luebeck"]
[Date "2016.10.24"]
[Round "4"]
[White "Metz, Hartmut"]
[Black "Kummerow, Heiko"]
[Result "1/2-1/2"]
[WhiteElo "2284"]
[BlackElo "2266"]
[EventDate "2016.10.21"]
[PlyCount "40"]

1. e4 e6 2. d4 d5 3. e5 c5 4. c3 Nc6 5. Nf3 Bd7 6. Be2 Nge7 7. O-O Ng6 8. g3 Be7 9. h4 O-O 10. h5 Nh8 11. h6 g6 12. Bf4 cxd4 13. cxd4 f6 14. exf6 Bxf6 15. Qd2 Nf7 16. Nc3 Ne7 17. Bd3 Nc6 18. Be2 Ne7 19. Bd3 Nc6 20. Be2 Ne7 1/2-1/2

[Event "GER-ch 87th"]
[Site "Luebeck"]
[Date "2016.10.24"]
[Round "4"]
[White "Rehberg, Raphael"]
[Black "Kabisch, Thilo"]
[Result "0-1"]
[WhiteElo "2232"]
[BlackElo "2309"]
[EventDate "2016.10.21"]
[PlyCount "160"]

1. e4 c5 2. Nf3 Nc6 3. Bb5 Qb6 4. Bxc6 Qxc6 5. Qe2 Nf6 6. e5 Nd5 7. d4 e6 8. O-O b5 9. c3 Bb7 10. Na3 c4 11. Nc2 Be7 12. Nfe1 O-O 13. f4 f6 14. Ne3 a5 15. a3 Rf7 16. Nxd5 Qxd5 17. exf6 Rxf6 18. Qf3 Raf8 19. Qxd5 Bxd5 20. Nf3 h6 21. Ne5 Rd8 22. Ng4 Rg6 23. Ne3 Be4 24. Rf2 Bd3 25. Bd2 Rf8 26. Re1 Bd6 27. Nd1 Rgf6 28. g3 Bc7 29. Ne3 h5 30. h4 Bb6 31. Nf1 d6 32. Be3 Rg6 33. Kh2 Ba7 34. Nd2 Rgf6 35. Nf3 Be4 36. Ng5 Bd5 37. Kg1 Rb8 38. Rfe2 g6 39. Bd2 Re8 40. Ne4 Bxe4 41. Rxe4 Kf7 42. Kg2 d5 43. R4e2 Rb8 44. Ra1 Rb7 45. Kf3 Rb8 46. Ree1 Bb6 47. Ra2 Bc7 48. Raa1 Bd6 49. Ke2 Ke7 50. Reb1 Rff8 51. Ra2 Rb6 52. Rba1 Kf6 53. Rb1 Ra8 54. Rba1 Kf5 55. Kf3 Rba6 56. Be3 R6a7 57. Bd2 Rb8 58. Be3 Rab7 59. Bd2 Be7 60. Be3 Bf6 61. Bd2 b4 62. axb4 axb4 63. Ra8 bxc3 64. Bxc3 Rxb2 65. Bxb2 Rb3+ 66. Kg2 Rxb2+ 67. Kf3 Rb3+ 68. Kg2 Bxd4 69. Re1 Kg4 70. Rxe6 Rxg3+ 71. Kh2 Kxh4 72. Rd6 Bg1+ 73. Kh1 d4 74. Rc8 Be3 75. Kh2 c3 76. Rf6 Rg4 77. f5 g5 78. Re6 Rf4 79. f6 Rf2+ 80. Kh1 Kg3 0-1

[Event "GER-ch 87th"]
[Site "Luebeck"]
[Date "2016.10.24"]
[Round "4"]
[White "Schroeder, Christoph"]
[Black "Langheinrich, Ferenc"]
[Result "1/2-1/2"]
[WhiteElo "2193"]
[BlackElo "2371"]
[EventDate "2016.10.21"]
[PlyCount "68"]

1. d4 Nf6 2. Nf3 e6 3. e3 b6 4. Bd3 Bb7 5. Nbd2 c5 6. O-O Be7 7. c3 O-O 8. e4 cxd4 9. cxd4 Ba6 10. Qe2 Bxd3 11. Qxd3 Nc6 12. a3 d5 13. e5 Nd7 14. b4 a6 15. Bb2 b5 16. Nb3 Nb6 17. Bc3 Nc4 18. Nc5 Qc7 19. Rfb1 Rfb8 20. Nd2 Bxc5 21. bxc5 a5 22. a4 b4 23. Bb2 Nxd2 24. Qxd2 Rf8 25. f4 f6 26. exf6 Rxf6 27. g3 h6 28. Rf1 Raf8 29. Qd3 Qd7 30. Bc1 Kh8 31. Be3 Qb7 32. Qb5 Qd7 33. Qd3 Qb7 34. Qb5 Qd7 1/2-1/2

[Event "GER-ch 87th"]
[Site "Luebeck"]
[Date "2016.10.24"]
[Round "4"]
[White "Schulz, Karsten"]
[Black "Kalinitschew, Sergey"]
[Result "1/2-1/2"]
[WhiteElo "2283"]
[BlackElo "2405"]
[EventDate "2016.10.21"]
[PlyCount "81"]

1. d4 Nf6 2. Bf4 d6 3. e3 g6 4. Nf3 Bg7 5. Be2 O-O 6. O-O Nbd7 7. h3 b6 8. c4 Bb7 9. Nc3 Re8 10. Qc2 e5 11. Bh2 exd4 12. Nxd4 Nc5 13. Bf3 Bxf3 14. Nxf3 Nfe4 15. Nxe4 Nxe4 16. Rad1 a5 17. Nd2 Nc5 18. Nb1 Qh4 19. b3 Qf6 20. Rd2 Ne4 21. Rd4 Qe6 22. Rdd1 a4 23. b4 a3 24. Rd3 Bb2 25. Nd2 Nxd2 26. Rxd2 b5 27. Rd5 c6 28. Rxd6 Qxc4 29. Rxc6 Qxa2 30. e4 f6 31. e5 f5 32. Bf4 Qf7 33. Re1 Qd5 34. Rc5 Qe6 35. Rd1 Rec8 36. Rd6 Rxc5 37. Qxc5 Qc4 38. Qb6 Qf7 39. Qc6 Re8 40. e6 Qe7 41. Qd5 1/2-1/2

[Event "GER-ch 87th"]
[Site "Luebeck"]
[Date "2016.10.24"]
[Round "4"]
[White "Schwarz, Frank"]
[Black "Malek, Daniel"]
[Result "0-1"]
[WhiteElo "2251"]
[BlackElo "2411"]
[EventDate "2016.10.21"]
[PlyCount "110"]

1. c4 Nf6 2. g3 c6 3. Bg2 d5 4. Nf3 dxc4 5. a4 Na6 6. Na3 Be6 7. O-O Bd5 8. b3 cxb3 9. d3 Nc5 10. e4 Be6 11. Be3 Nxa4 12. Qd2 b2 13. Rab1 Ba2 14. Rxb2 Nxb2 15. Qxb2 Be6 16. Nd4 Bc8 17. e5 Nd5 18. e6 fxe6 19. Nc4 e5 20. Nxe5 e6 21. Qe2 g6 22. h4 Bg7 23. Bg5 Qc7 24. Ndf3 O-O 25. d4 a5 26. Bc1 b6 27. Qe4 Ra7 28. Ba3 c5 29. Rc1 Nb4 30. Bh3 Qd6 31. dxc5 bxc5 32. Qe3 Rc7 33. Bb2 Qd5 34. Ng5 Kh8 35. Bg2 Qd6 36. Ne4 Qe7 37. Nxc5 Nd5 38. Qa3 Qd6 39. f4 Qb6 40. Bd4 Qb4 41. Qa1 a4 42. Rc4 Qb5 43. Bf1 Qe8 44. Rxa4 Nxf4 45. gxf4 Rxf4 46. Ncd3 Rxh4 47. Ra7 Qe7 48. Ra8 Kg8 49. Bg2 Bf8 50. Bf2 Rh5 51. Nc6 Qd6 52. Nce5 Rg5 53. Ra5 Bb7 54. Nf4 Qd2 55. Qa4 Rc1+ 0-1

[Event "GER-ch 87th"]
[Site "Luebeck"]
[Date "2016.10.24"]
[Round "4"]
[White "Svane, Rasmus"]
[Black "Kololli, Martin"]
[Result "1-0"]
[WhiteElo "2552"]
[BlackElo "2202"]
[EventDate "2016.10.21"]
[PlyCount "89"]

1. d4 Nf6 2. c4 e6 3. g3 d5 4. Bg2 Be7 5. Nf3 O-O 6. O-O b6 7. cxd5 Nxd5 8. e4 Nf6 9. Nc3 Bb7 10. Qc2 Nbd7 11. Bf4 c6 12. a3 a5 13. Rfd1 b5 14. h4 h6 15. e5 Nd5 16. Nxd5 cxd5 17. Bf1 Qb6 18. Qd2 b4 19. Kg2 Rfc8 20. h5 Bf8 21. g4 Ba6 22. g5 bxa3 23. bxa3 Qb3 24. Bxa6 Rxa6 25. Rdb1 Qc2 26. Qxc2 Rxc2 27. Rb7 Nb6 28. gxh6 gxh6 29. Rg1 Bg7 30. Nh2 Rc4 31. Kf3 Kf8 32. Be3 Nc8 33. Ng4 Rc3 34. Rc1 Rac6 35. Rxc3 Rxc3 36. Ke2 Rxa3 37. Nxh6 Bxh6 38. Bxh6+ Ke8 39. Bg5 Rh3 40. h6 f6 41. Bxf6 Rxh6 42. Rc7 Nb6 43. Re7+ Kf8 44. Rb7 Rxf6 45. exf6 1-0